[Event "BUL-chT-A (Women) 43th"]
[Site "Albena"]
[Date "2010.05.31"]
[Round "5.2"]
[White "Vitanova, Rozalina"]
[Black "Boneva, Zvezdelina"]
[Result "1-0"]
[WhiteElo "2094"]
[BlackElo "1938"]
[PlyCount "127"]
[EventDate "2010.05.27"]
[EventType "team-tourn"]
[EventRounds "7"]
[EventCountry "BUL"]
[SourceTitle "CBM 136 Extra"]
[Source "ChessBase"]
[SourceDate "2010.07.02"]
[SourceVersion "2"]
[SourceVersionDate "2010.07.15"]
[SourceQuality "1"]
[WhiteTeam "Mihail Tal (W)"]
[BlackTeam "Sofia Lokomotiv (W)"]
[WhiteTeamCountry "BUL"]
[BlackTeamCountry "BUL"]

1. e4 e6 2. d3 d5 3. Nd2 Nf6 4. g3 b6 5. Bg2 Bb7 6. Ne2 c5 7. 0-0 Nc6 8. f4 g6 9. e5 Nd7 10. c4 Ne7 11. Nc3 Qc8 12. Nf3 a6 13. a4 Bg7 14. Bd2 0-0 15. h4 Nf5 16. g4 Ng3 17. Re1 d4 18. Ne2 Nxe2+ 19. Qxe2 a5 20. Ng5 Bxg2 21. Qxg2 Re8 22. Ne4 Qd8 23. g5 Ra7 24. h5 Bf8 25. Kf2 Bg7 26. Qh2 Qc7 27. Nd6 Rd8 28. Nb5 Qb7 29. Nxa7 Qxa7 30. hxg6 fxg6 31. Rh1 Nf8 32. Qg2 Qf7 33. Kg3 Qf5 34. Ra3 Rd7 35. Re1 h6 36. gxh6 Bxh6 37. Qh3 Rh7 38. Qxf5 gxf5 39. Kf3 Rg7 40. Rh1 Rg6 41. Rh3 Nd7 42. Be1 Bg7 43. Bg3 Rg4 44. Ra1 Nb8 45. Rah1 Nc6 46. Be1 Bxe5 47. fxe5 Nxe5+ 48. Ke2 Rg2+ 49. Bf2 Ng4 50. Rf3 Kg7 51. Kf1 Rh2 52. Rxh2 Nxh2+ 53. Kg2 Nxf3 54. Kxf3 e5 55. Bh4 Kf7 56. Bd8 Ke6 57. Bxb6 Kd6 58. Bxa5 Kc6 59. Bd8 Kb7 60. Bf6 e4+ 61. dxe4 fxe4+ 62. Kxe4 Ka6 63. Bxd4 cxd4 64. Kxd4 1-0

[Event "BUL-chT-A (Women) 43th"]
[Site "Albena"]
[Date "2010.05.28"]
[Round "2.4"]
[White "Vitanova, Rozalina"]
[Black "Dimitrova, Leila"]
[Result "1-0"]
[WhiteElo "2094"]
[BlackElo "2124"]
[PlyCount "55"]
[EventDate "2010.05.27"]
[EventType "team-tourn"]
[EventRounds "7"]
[EventCountry "BUL"]
[SourceTitle "CBM 136 Extra"]
[Source "ChessBase"]
[SourceDate "2010.07.02"]
[SourceVersion "2"]
[SourceVersionDate "2010.07.15"]
[SourceQuality "1"]
[WhiteTeam "Mihail Tal (W)"]
[BlackTeam "Krakra Pernishki (W)"]
[WhiteTeamCountry "BUL"]
[BlackTeamCountry "BUL"]

1. e4 d6 2. d4 Nf6 3. Nc3 c6 4. f4 Qa5 5. Bd3 e5 6. Nf3 Bg4 7. dxe5 dxe5 8. fxe5 Bxf3 9. Qxf3 Qxe5 10. 0-0 Bc5+ 11. Kh1 Bd6 12. g3 Qh5 13. Qxh5 Nxh5 14. e5 Bxe5 15. Re1 Nd7 16. Bf5 f6 17. g4 g6 18. Bxd7+ Kxd7 19. gxh5 Bxc3 20. bxc3 Rae8 21. Be3 f5 22. Bxa7 Rxe1+ 23. Rxe1 Ra8 24. Bc5 Rxa2 25. Re7+ Kc8 26. h6 Rxc2 27. Rxh7 Rxc3 28. Rg7 1-0

[Event "BUL-chT (Women)"]
[Site "Bankia"]
[Date "1992.??.??"]
[Round "?"]
[White "Parvanova, Desislava"]
[Black "Vitanova, Rozalina"]
[Result "0-1"]
[WhiteElo "2045"]
[BlackElo "2045"]
[PlyCount "41"]
[EventDate "1992.??.??"]
[EventType "team-swiss"]
[EventRounds "7"]
[EventCountry "BUL"]
[SourceTitle "EXT 1998"]
[Source "ChessBase"]
[SourceDate "1997.11.17"]
[SourceVersion "1"]
[SourceVersionDate "1997.11.17"]
[SourceQuality "1"]

1. d4 Nf6 2. c4 g6 3. Nc3 Bg7 4. e4 d6 5. Be2 0-0 6. Bg5 Nbd7 7. e5 dxe5 8. Nf3 exd4 9. Qxd4 c6 10. Qh4 Nc5 11. Rd1 Qb6 12. Bc1 Bg4 13. 0-0 Bxf3 14. Bxf3 Rad8 15. Be3 Rxd1 16. Rxd1 Qxb2 17. Bxc5 Qxc3 18. h3 Re8 19. Bxa7 e5 20. Bb6 Qb2 21. Bc5 0-1

[Event "BUL-chT (Women)"]
[Site "Bankia"]
[Date "1992.??.??"]
[Round "?"]
[White "Vitanova, Rozalina"]
[Black "Chilingirova, Pavlina"]
[Result "0-1"]
[WhiteElo "2045"]
[BlackElo "2270"]
[PlyCount "81"]
[EventDate "1992.??.??"]
[EventType "team-swiss"]
[EventRounds "7"]
[EventCountry "BUL"]
[SourceTitle "EXT 1998"]
[Source "ChessBase"]
[SourceDate "1997.11.17"]
[SourceVersion "1"]
[SourceVersionDate "1997.11.17"]
[SourceQuality "1"]

1. e4 c5 2. Nf3 d6 3. d4 cxd4 4. Nxd4 Nf6 5. Nc3 e6 6. Be2 a6 7. a4 Nc6 8. Nb3 b6 9. Be3 Be7 10. 0-0 0-0 11. f4 Qc7 12. Bf3 Rb8 13. Qe2 Na5 14. Nd2 Rd8 15. Bd4 e5 16. Be3 exf4 17. Bxf4 Nc6 18. g3 Ne5 19. Bg2 b5 20. axb5 axb5 21. Nb3 b4 22. Nd1 Be6 23. Ne3 Qb6 24. Ra6 Bc4 25. Rxb6 Bxe2 26. Rxb8 Rxb8 27. Rf2 Ba6 28. Nf5 Bf8 29. Nbd4 Nfg4 30. Rd2 g6 31. h3 gxf5 32. hxg4 fxg4 33. Nf5 Nc4 34. Rd4 Rb6 35. Nh6+ Bxh6 36. Bxh6 Ne5 37. Bd2 b3 38. cxb3 Kf8 39. Bc3 Ke7 40. Kf2 Rxb3 41. Rb4 0-1

[Event "BUL-ch (Women)"]
[Site "Bankia"]
[Date "1991.??.??"]
[Round "3"]
[White "Vitanova, Rozalina"]
[Black "Zlatanova, Emilia"]
[Result "0-1"]
[WhiteElo "2030"]
[BlackElo "2125"]
[PlyCount "74"]
[EventDate "1991.??.??"]
[EventType "swiss"]
[EventRounds "9"]
[EventCountry "BUL"]
[SourceTitle "EXT 2002"]
[Source "ChessBase"]
[SourceDate "2001.11.25"]
[SourceVersion "1"]
[SourceVersionDate "2001.11.25"]
[SourceQuality "1"]

1. e4 e5 2. Nf3 Nc6 3. Bc4 Bc5 4. c3 Nf6 5. d3 d6 6. 0-0 Bb6 7. Bb3 h6 8. h3 Ne7 9. Re1 Be6 10. Bxe6 fxe6 11. Nbd2 g5 12. Nc4 Ng6 13. Be3 Qe7 14. Qa4+ Kf7 15. Qd1 Kg7 16. a4 g4 17. hxg4 Nxg4 18. a5 Bxe3 19. Nxe3 h5 20. d4 Nh4 21. Nh2 Nxh2 22. Kxh2 Raf8 23. f3 Rhg8 24. Rf1 Qg5 25. Qe1 Kh7 26. Qf2 Rf4 27. b4 Nxf3+ 28. Qxf3 Rxf3 29. Rxf3 exd4 30. cxd4 Qh4+ 31. Rh3 Qf4+ 32. Kh1 h4 33. d5 Rg3 34. Rxg3 hxg3 35. Nf1 exd5 36. exd5 Qh4+ 37. Kg1 Qd4+ 0-1

[Event "BUL-ch (Women)"]
[Site "Sofia"]
[Date "1987.??.??"]
[Round "3"]
[White "Juergens, Vera"]
[Black "Vitanova, Rozalina"]
[Result "1/2-1/2"]
[WhiteElo "2115"]
[BlackElo "2085"]
[PlyCount "38"]
[EventDate "1987.??.??"]
[EventType "tourn"]
[EventRounds "12"]
[EventCountry "BUL"]
[SourceTitle "EXT 1999"]
[Source "ChessBase"]
[SourceDate "1998.11.16"]
[SourceVersion "1"]
[SourceVersionDate "1998.11.16"]
[SourceQuality "1"]

1. d4 Nf6 2. c4 e6 3. Nc3 b6 4. e4 Bb7 5. Bd3 Bb4 6. Qc2 Bxc3+ 7. bxc3 d6 8. Nf3 Nbd7 9. 0-0 e5 10. Ba3 c5 11. d5 0-0 12. Bc1 Nh5 13. g3 g6 14. Bh6 Ng7 15. Ng5 Nf6 16. h3 Bc8 17. Kg2 Kh8 18. f4 Ng8 19. Bxg7+ Kxg7 1/2-1/2

[Event "BUL-ch (Women)"]
[Site "Sofia"]
[Date "1987.??.??"]
[Round "9"]
[White "Savova, Stefka"]
[Black "Vitanova, Rozalina"]
[Result "0-1"]
[WhiteElo "2245"]
[BlackElo "2085"]
[PlyCount "80"]
[EventDate "1987.??.??"]
[EventType "tourn"]
[EventRounds "12"]
[EventCountry "BUL"]
[SourceTitle "EXT 1999"]
[Source "ChessBase"]
[SourceDate "1998.11.16"]
[SourceVersion "1"]
[SourceVersionDate "1998.11.16"]
[SourceQuality "1"]

1. d4 Nf6 2. Nf3 d6 3. Bf4 g6 4. h3 Bg7 5. e3 b6 6. Be2 Bb7 7. 0-0 0-0 8. c3 Nbd7 9. a4 a5 10. Na3 Ne4 11. Nd2 Nxd2 12. Qxd2 e5 13. Bg3 Nf6 14. Bh2 Ne4 15. Qc2 Qg5 16. Bf3 f5 17. Nb5 Rac8 18. Rad1 Qe7 19. Rfe1 Kh8 20. c4 Ba8 21. Qb1 Qg5 22. d5 Nc5 23. b4 axb4 24. Qxb4 Qe7 25. a5 Rb8 26. axb6 Rxb6 27. Qa5 Rfb8 28. Qa7 R6b7 29. Qa3 Rb6 30. Qa7 R6b7 31. Qa3 Rb6 32. Qa7 Na6 33. Ra1 Bb7 34. Rxa6 Bxa6 35. Qxc7 Qxc7 36. Nxc7 Bxc4 37. Bg3 Rb1 38. Rxb1 Rxb1+ 39. Kh2 Bf6 40. e4 f4 0-1

[Event "BUL-ch (Women)"]
[Site "Sofia"]
[Date "1987.??.??"]
[Round "4"]
[White "Vitanova, Rozalina"]
[Black "Marinova, Elka"]
[Result "0-1"]
[WhiteElo "2085"]
[BlackElo "2075"]
[PlyCount "62"]
[EventDate "1987.??.??"]
[EventType "tourn"]
[EventRounds "12"]
[EventCountry "BUL"]
[SourceTitle "EXT 1999"]
[Source "ChessBase"]
[SourceDate "1998.11.16"]
[SourceVersion "1"]
[SourceVersionDate "1998.11.16"]
[SourceQuality "1"]

1. e4 c5 2. Nf3 d6 3. d4 Nf6 4. Nc3 cxd4 5. Nxd4 a6 6. Bc4 e6 7. Bb3 b5 8. 0-0 Be7 9. f4 Nbd7 10. Qe2 Nc5 11. Nc6 Qb6 12. Nxe7 Nxb3+ 13. Be3 Qd8 14. cxb3 Qxe7 15. e5 Nd7 16. exd6 Qxd6 17. Qf3 Rb8 18. Rad1 Qc7 19. Qg4 0-0 20. Bd4 e5 21. fxe5 Nc5 22. Qg3 Bb7 23. Rf4 b4 24. Ne2 Ne6 25. Rc1 Nxf4 26. Qxf4 Qd7 27. Qg5 Rbc8 28. Rd1 f6 29. exf6 Rxf6 30. Bxf6 Qxd1+ 31. Kf2 Qd7 0-1

[Event "BUL-ch (Women)"]
[Site "Sofia"]
[Date "1987.??.??"]
[Round "13"]
[White "Vitanova, Rozalina"]
[Black "Petrova Kalmukova, Marlen"]
[Result "0-1"]
[WhiteElo "2085"]
[BlackElo "2130"]
[PlyCount "80"]
[EventDate "1987.??.??"]
[EventType "tourn"]
[EventRounds "12"]
[EventCountry "BUL"]
[SourceTitle "EXT 1999"]
[Source "ChessBase"]
[SourceDate "1998.11.16"]
[SourceVersion "1"]
[SourceVersionDate "1998.11.16"]
[SourceQuality "1"]

1. e4 Nf6 2. e5 Nd5 3. c4 Nb6 4. c5 Nd5 5. Bc4 e6 6. d4 d6 7. cxd6 cxd6 8. Nf3 Nc6 9. 0-0 Be7 10. Nbd2 Qc7 11. Re1 0-0 12. a3 Nf4 13. b4 a6 14. Qc2 dxe5 15. dxe5 Rd8 16. Nb3 Ng6 17. Bb2 Bd7 18. Rac1 Rac8 19. Bd3 Qb8 20. Qb1 Be8 21. Be4 h6 22. Bxg6 fxg6 23. Nbd4 Nxd4 24. Nxd4 Bg5 25. Rxc8 Qxc8 26. Qe4 Rd5 27. f4 Bd8 28. h3 Qd7 29. Kh2 Bb6 30. Nf3 Qf7 31. Rc1 Bc6 32. Qc4 Be3 33. Re1 Bxf4+ 34. Kg1 Kh7 35. Bd4 Bb5 36. Qc3 Qd7 37. Bc5 Rd3 38. Qb2 Qd5 39. Bd6 Bg3 40. Rf1 Rd1 0-1